000 00302 a2200157 4500
001 172964
020 _a
040 _cMagnum
100 _aCamargo, Luis
240 1 0 _aPeixe vivo
_lpor
245 1 0 _aPeixe vivo
362 0 _a1899
440 1 _aMelhoramentos
697 _aI/ANIMAIS
942 _cBK
999 _c172964
_d172964